Les départements français traversé par la Loire - Statistiques

Statistiques générales
  • Ce quiz a été pris 62 fois
  • Le résultat moyen est 6 sur 11
Answers on the Grid
Answers color-coded by a green-red scale on the quiz's grid according to % correct below.
Ardèche
Haute-Loire
Loire
Allier
Nièvre
Cher
Loiret
Loir-et-Cher
Indre-et-Loire
Maine-et-Loire
Loire-Atlantique
Morbihan
Eure
Doubs
Isère
Lozère
Sarthe
Mayenne
Vendée
Marne
Puy-de-Dôme
Cantal
Creuse
Corrèze
Aube
Eure-et-Loir
Charente
Vienne
Deux-Sèvres
Ain
 
Statistiques - réponses
Réponse % Correct
Indre-et-Loire
72%
Loire-Atlantique
70%
Haute-Loire
67%
Maine-et-Loire
67%
Loire
65%
Loiret
58%
Loir-et-Cher
58%
Nièvre
42%
Allier
33%
Cher
30%
Ardèche
23%
Aucun quiz correspondant
Distribution des résultats
% des personnes avec chaque résultat
Percentile par nombre de réponses
Votre historique - résultats
Vous n’avez pas pris ce quiz